Diccionario de filosofía : E - J

Guardat en:
Dades bibliogràfiques
Autor principal: Ferrater Mora, José
Format: Llibre
Idioma:Undetermined
Publicat: Barcelona, España Alianza Editorial 1984
Edició:5
Matèries:
Etiquetes: Afegir etiqueta
Sense etiquetes, Sigues el primer a etiquetar aquest registre!

MARC

LEADER 00000nam a2200000Ia 4500
008 170316s9999 xx 000 0 und d
040 |a cru BVZT 
090 |a REF 
100 |a Ferrater Mora, José 
245 |a Diccionario de filosofía : E - J 
250 |a 5 
260 |a Barcelona, España 
260 |b Alianza Editorial 
260 |c 1984 
300 |a 881 A 1836 páginas Vol. 2 
650 |a REFERENCIA  |9 27 
650 |a DICCIONARIO DE FILOSOFÍA 
942 |c REF  |2 z 
999 |c 15005  |d 15005